Applying the systems approach to urban development (Record no. 542487)
[ view plain ]
| 000 -LEADER | |
|---|---|
| fixed length control field | 00584pam a2200181 4500 |
| 020 ## - INTERNATIONAL STANDARD BOOK NUMBER | |
| International Standard Book Number | 0879330422 |
| 082 00 - DEWEY DECIMAL CLASSIFICATION NUMBER | |
| Classification number | 309.262 |
| Author Mark | LAP |
| -- | D |
| 100 1# - MAIN ENTRY--PERSONAL NAME | |
| Personal name | LaPatra, Jack W., |
| 9 (RLIN) | 37671 |
| 245 10 - TITLE STATEMENT | |
| Title | Applying the systems approach to urban development |
| Statement of responsibility, etc. | [by] Jack W. LaPatra. |
| 260 ## - PUBLICATION, DISTRIBUTION, ETC. | |
| Place of publication, distribution, etc. | [Stroudsburg, Pa.] |
| Name of publisher, distributor, etc. | Dowden, Hutchinson & Ross |
| Date of publication, distribution, etc. | [1973] |
| 300 ## - PHYSICAL DESCRIPTION | |
| Extent | ix, 296 p. |
| Other physical details | illus. |
| Dimensions | 23 cm. |
| 490 0# - SERIES STATEMENT | |
| Series statement | Community development series, v. 5 |
| 526 ## - STUDY PROGRAM INFORMATION NOTE | |
| Program name | 0 |
| Interest level | 0 |
| Reading level | 0 |
| Title point value | 309_262000000000000_LAP |
| 650 #0 - SUBJECT ADDED ENTRY--TOPICAL TERM | |
| Topical term or geographic name entry element | Cities and towns. |
| 650 #0 - SUBJECT ADDED ENTRY--TOPICAL TERM | |
| Topical term or geographic name entry element | NUST |
| 9 (RLIN) | 6342 |
| 650 #0 - SUBJECT ADDED ENTRY--TOPICAL TERM | |
| Topical term or geographic name entry element | System analysis. |
| 9 (RLIN) | 2233 |
| 942 ## - ADDED ENTRY ELEMENTS (KOHA) | |
| Source of classification or shelving scheme | |
| Koha item type | Book |
| Withdrawn status | Lost status | Source of classification or shelving scheme | Damaged status | Not for loan | Permanent Location | Current Location | Date acquired | Total Checkouts | Full call number | Barcode | Date last seen | Price effective from | Koha item type |
|---|---|---|---|---|---|---|---|---|---|---|---|---|---|
| Military College of Engineering (MCE) | Military College of Engineering (MCE) | 01/01/2014 | 309.262 LAP | MCE-42949 | 01/01/2014 | 01/01/2014 | Book |
